Т. 65, № 10; Журнал неорганической химии

Xehetasun bibliografikoak
Parent link:Журнал неорганической химии/ Российская академия наук (РАН), Отделение химии и наук о материалах РАН. Т. 65, № 10.— , 1956-
Hizkuntza:errusiera
Argitaratua: 2020
Sarrera elektronikoa:https://elibrary.ru/contents.asp?id=43832287
https://sciencejournals.ru/view-issue/?j=nergkhim&y=2022&v=67&n=10
Formatua: Baliabide elektronikoa Liburua
KOHA link:https://koha.lib.tpu.ru/cgi-bin/koha/opac-detail.pl?biblionumber=588205

MARC

LEADER 00000nam2a2200000 4500
001 588205
005 20231101131510.0
035 |a (RuTPU)RU\TPU\prd\290921 
035 |a RU\TPU\prd\290920 
090 |a 588205 
100 |a 20221215a19569999k y0rusy50 ca 
101 0 |a rus 
102 |a RU 
200 0 |a Т. 65, № 10 
210 |d 2020 
461 1 |0 (RuTPU)RU\TPU\prd\160  |t Журнал неорганической химии  |f Российская академия наук (РАН), Отделение химии и наук о материалах РАН  |v Т. 65, № 10  |d 1956- 
801 0 |a RU  |b 63413507  |c 20010227  |g PSBO 
801 1 |a RU  |b 63413507  |c 20210118 
801 2 |a RU  |b 63413507  |c 20230411  |g RCR 
856 4 0 |u https://elibrary.ru/contents.asp?id=43832287 
856 4 0 |u https://sciencejournals.ru/view-issue/?j=nergkhim&y=2022&v=67&n=10 
942 |c BK 
999 |a НТБ_ТПУ  |b НФ  |e -1/20210108  |p П-5998  |s 3/20200629  |u 0,00  |v 1